Electric power problems : the mathematical challenge : proceedings of a conference, Seattle, Washington, March 18-20, 1980 /

Bibliographic Details
Corporate Author: Society for Industrial and Applied Mathematics
Other Authors: Erisman, A. M., Neves, K. W., Dwarakanath, M. H.
Format: Book
Language:English
Published: Philadelphia : SIAM, 1980.
Subjects:

MARC

Tag First Indicator Second Indicator Subfields
LEADER 00000cam a2200000 a 4500
001 in00000088595
005 20151008065140.0
008 820325s1980 paua b 10000 eng
010 |a  80054282  
020 |a 0898711738 
035 |a (OCoLC)07647887 
035 |9 AAK5436AM 
039 0 |a 2  |b 3  |c 3  |d 3  |e 3 
040 |a DLC  |c DLC  |d TXA  |d UtOrBLW 
049 |a TXAM  |c [1443079] 
050 0 0 |a TK1005  |b .E455 
082 0 |a 363.6/2  |2 19 
245 0 0 |a Electric power problems :  |b the mathematical challenge : proceedings of a conference, Seattle, Washington, March 18-20, 1980 /  |c edited by A.M. Erisman, K.W. Neves, and M.H. Dwarakanath. 
264 1 |a Philadelphia :  |b SIAM,  |c 1980. 
300 |a xix, 531 pages :  |b illustrations ;  |c 26 cm. 
336 |a text  |b txt  |2 rdacontent 
337 |a unmediated  |b n  |2 rdamedia 
338 |a volume  |b nc  |2 rdacarrier 
500 |a "The conference was sponsored by Society for Industrial and Applied Mathematics and supported by Niagara Mohawk Power Corporation, Electric Power Research Institute, and the Boeing Company"--Title page. 
504 |a Includes bibliographical references. 
650 0 |a Electric power systems  |x Mathematics  |x Congresses. 
700 1 |a Erisman, A. M. 
700 1 |a Neves, K. W. 
700 1 |a Dwarakanath, M. H. 
710 2 |a Society for Industrial and Applied Mathematics. 
999 |a MARS 
999 f f |s 59af4a22-fad1-3eef-9478-20954400aec2  |i 1fcdd9ba-8635-364d-b06a-bb5d5ec55211  |t 0 
952 f f |p ric  |a Texas A&M University  |b Rellis Campus  |c Joint Library Facility  |d Remote Storage  |t 0  |e TK1005 .E455  |h Library of Congress classification  |i unmediated -- volume  |m A14806250529 
998 f f |a TK1005 .E455  |t 0  |l Remote Storage